00661 2200241 4500001002100000005001500021035002000036007000300056008004100059020002200100082000800122084001400130100002500144245007300169250001000242260003200252300002900284650003200313700002000345520003000365990001200395990001200407INLIS00000000000196420180518085816 a0010-0518000034ta180518 g 0 ind  a978-602-1695-41-8 a297 a297 MUH g0 aMUHAMMAD, Zia Ul Haq1 aGambar itu Haram? /cMuhammad Zia Ul Haq; penyunting, Aminah Mustari acet.1 aJakarta :bSalsabila,c2017 a156 hlm :bilus ;c20 cm aISLAM SEBAGAI PEDOMAN HIDUP0 aAMINAH, Mustari abibliografi: hlm. 153-156 a16635 a a16635 b